| 000 | 00835nac a22002291u 4500 | ||
|---|---|---|---|
| 010 | _a 2005353041 | ||
| 020 | _a4889070141 : | ||
| 035 | _a(OCoLC)ocm40356142 | ||
| 082 |
_a342.0418 _bNEW |
||
| 090 |
_c9415 _d9415 |
||
| 100 | _a20080729 | ||
| 245 | 0 | 4 |
_aThe new security agenda : a global survey / _cedited by Paul B. Stares. |
| 260 |
_aTokyo ; _a: _bJapan Center for International Exchange,1998. _cc1998. |
||
| 300 |
_a332 p. ; _c23 cm. |
||
| 500 | _aDistributer: Al-Ahram | ||
| 504 | _aIncludes bibliographical references and index. | ||
| 511 | _aCatalogued by: Sara | ||
| 650 | 0 | _aSecurity, International. | |
| 650 | 0 |
_aWorld politics _y1989- |
|
| 700 | 1 | _aStares, Paul B. | |
| 942 |
_cBB _k342.0418NEW |
||
| 999 |
_c9415 _d9415 |
||